000
00340nam a2200133Ia 4500
008
240624s9999 xx 000 0 und d
041
_a
eng
082
_a
658.8102 PIN
100
_a
PINK DANIEL H
245
_a
DRIVE THE SURPRISING TRUTH ABOUT WHAT MO
260
_c
2011
_a
New Delhi
_b
Random House India
300
_a
256 , p.
365
_c
RS
999
_c
29359
_d
29359